000 00406nam a22001337a 4500
005 20250417085642.0
008 241111b |||||||| |||| 00| 0 eng d
020 _a9780406902801
245 _aThe All England Law Reports 1998 Vol. 3
_cEdited by Vandridge-Ames Caroline LLM
260 _aLondon
_bButterworths
_c1998
300 _axix, 1024 pages
_c23.5 cm
650 _2Law Reports
_xEngland
942 _2lcc
_cBK
_n0
999 _c986
_d986